000 00230nam a2200097Ia 4500
008 190216s9999||||xx |||||||||||||| ||und||
100 _aWakhar Kar D G
245 0 _aManual Of Physical Education
260 _bPearl Pub
942 _cREF
999 _c35207
_d35207